[Event "RUS Cup final 6th"]
[Site "Nefteyugansk"]
[Date "2002.10.13"]
[Round "10"]
[White "Kornev, Alexei"]
[Black "Pridorozhni, Aleksei"]
[Result "1-0"]
[WhiteElo "2566"]
[BlackElo "2475"]
[Annotator "Ribli,Z"]
[PlyCount "101"]
[EventDate "2002.10.06"]
[EventType "tourn"]
[EventRounds "11"]
[EventCountry "RUS"]
[EventCategory "11"]
[SourceTitle "CBM 092"]
[Source "ChessBase"]
[SourceDate "2003.02.06"]
[SourceVersion "1"]
[SourceVersionDate "2003.02.06"]
[SourceQuality "1"]

1. c4 e5 2. Nc3 Nf6 3. Nf3 Nc6 4. g3 Bb4 5. Nd5 e4 {Dieser Zug fuehrt zu
lebendigem taktischem Spiel. Die Alternativen bieten Schwarz gute Chancen auf
Ausgleich.} (5... Nxd5) (5... Bc5) 6. Nxb4 (6. Nh4 $5) 6... Nxb4 7. Nd4 Ng4 {
Mit diesem Zug moechte Schwarz die Partie sofort entscheiden, aber die ruhige
Fortsetzung 7...0-0 bietet Schwarz bequemes Spiel mit Initiative.} (7... O-O 8.
Nc2 Nxc2+ 9. Qxc2 d5 10. cxd5 (10. Bg2 Bf5 $15) 10... Qxd5 11. Bg2 Bf5 12. O-O
c6 13. Qc3 Qe6 14. b3 Bh3 15. Bxh3 Qxh3 16. Bb2 Rad8 17. f3 Qh6 18. Rad1 Nd5
19. Qc5 Rfe8 {0-1 Sarno,S-Naumkin,I/Forli 1995/EXT 2002 (38)}) 8. Bh3 (8. f4
O-O 9. Nc2 Nxc2+ 10. Qxc2 d5 11. cxd5 (11. Bg2 $15) 11... Qxd5 12. Bg2 Re8 13.
h3 Nf6 14. Qxc7 Bd7 15. Qc3 Qh5 16. Qe3 Nd5 17. Qf2 Nb4 {0-1 Skembris,
S-Kumaran,D/Kopavogur 1994/CBM 41 ext (51)}) 8... Nxf2 {[%mdl 64]} 9. Kxf2 Qf6+
{[%cal Rf6d4,Rf6f2]} 10. Nf5 (10. Ke3 $2 Qh6+ {[%cal Rh6e3,Rh6h3]}) 10... d6 (
10... g6 11. Qb3 Nc6 12. Qc3 Qxc3 13. dxc3 gxf5 (13... d6 14. Ng7+ Kf8 15. Bxc8
Rxc8 16. Bh6 $18) 14. Bxf5 $16) 11. g4 $13 g6 (11... h5 $5 12. g5 (12. Qa4+ Nc6
13. g5 Qe5 (13... Qxg5 14. d4 Qf6 15. d5 Bxf5 16. Bxf5 Qxf5+ 17. Ke1 $16))
12... Qe5 (12... Qxg5) 13. Qa4+ (13. d4 exd3 14. Qa4+ (14. exd3 Bxf5 15. Re1 $2
Nxd3+ $19) 14... Nc6 15. exd3 Bxf5 16. Re1 Qxe1+ 17. Kxe1 Bxh3 $13) 13... Nc6
14. Qb5 (14. d4 exd3 15. exd3 Bxf5 16. Re1 {Mit Zugumstellung wir haben die
Variante 13.d4 exd3.}) 14... Qf4+ 15. Ke1 a6 16. Qd5 Nb4 {[%csl Rd5]} 17. d4
Nxd5 18. Bxf4 Nxf4 19. Nxg7+ Kf8 20. Bxc8 Rxc8 21. Nf5 Nh3 $15) 12. d4 $1 Bxf5
(12... exd3 $5 13. g5 (13. Qa4+ Nc6 14. g5 Qe5 15. exd3 Kf8 $13) 13... Qe5 14.
exd3 (14. Qa4+ Nc6 15. exd3 Kf8 $13) 14... Bxf5 15. Qa4+ (15. Re1 $2 Nxd3+ $19)
15... Kf8 16. Qxb4 Bxh3 $17) 13. gxf5 $14 Qh4+ 14. Kg2 gxf5 {[%cal Rh8g8,Rg8g2]
} 15. Rg1 $1 {[%cal Gg2h1] Mit diesem kleinen Zug macht Weiss ein Schlupfloch
fuer seinen Koenig auf h1, um nachfolgend die einzige offene Linie zu besetzen.
} (15. Bxf5 Rg8+ 16. Kf1 Qf6 17. Qa4+ Nc6 18. Qb5 a6 19. Qd5 Ne7 $17) 15...
Rg8+ 16. Kh1 Rxg1+ 17. Qxg1 Qxh3 18. Bd2 $1 $16 {Bedroht die Figur auf b4 und
spekuliert auf 19.Qg8+.} (18. Qg8+ Kd7 (18... Ke7 19. Bg5+ $18) 19. Qxf7+ Kc6
20. Bd2 Nd3 $132 (20... a5)) 18... Qh5 (18... Nd3 19. exd3 O-O-O 20. dxe4 fxe4
21. Qe3 $18) 19. Bxb4 Qxe2 {Schwarz hat jetzt drei Bauern fuer die Figur, aber
Weiss kann den Schluesselbauern auf f5 gewinnen.} (19... O-O-O 20. Qe3 $18) 20.
Qg8+ Ke7 (20... Kd7 21. Qxf7+ $18) 21. Qg5+ Kf8 (21... Ke6 22. d5+ $18) 22.
Qxf5 {[%csl Gf5][%cal Ga1f1,Gf1f8] Die Dame steht ausgezeichnet auf f5,
dadurch ist Qf3+ verhindert und später kann Weiss mit Rf1 angreifen.} Qxc4 23.
Rf1 Re8 $8 (23... Qxa2 24. d5 $18) 24. d5 Re7 25. Bd2 {[%cal Rd2h6,Rh6f8]} e3 {
Droht 26.Bh6+, so daß Schwarz muss den Bauern e3 hergeben muss.} 26. Bxe3 Qe4+
27. Qxe4 Rxe4 28. Bxa7 {[%mdl 4096]} Ra4 {[%cal Ra4a7,Ra4a2] Weiss hat zwar
eine Figur mehr, aber das Material ist so reduziert, dass Schwarz einige
Rettungchancen hat.} 29. Bb8 Rxa2 30. Bxc7 Ke7 (30... Ra6 31. Re1 $18) 31. b4
Rd2 32. Rf5 b5 33. Ba5 f6 (33... Kf8) 34. Rh5 h6 35. Rxh6 Rxd5 36. Kg2 {
Endlich kommt der weisse Koenig ins Spiel.} Rd4 37. Rh5 d5 38. Bb6 Rd1 (38...
Rxb4 39. Bc5+ $18 {[%cal Rc5b4,Rc5e7]}) 39. Bc5+ Ke6 40. Kf3 $18 Rd3+ 41. Kf4
Rd1 42. Rh8 Rf1+ 43. Ke3 Re1+ 44. Kd3 Rd1+ 45. Ke2 Rh1 46. h4 {[%csl Gh4] Der
h-Bauer entscheidet die Partie.} Kf5 47. h5 Ke4 (47... Kg4 48. h6 $18) (47...
Kg5 48. Be3+ $18) 48. h6 Rh2+ 49. Bf2 f5 50. h7 Kf4 51. Kd3 1-0

[Event "Sochi-A"]
[Site "Sochi"]
[Date "1989.??.??"]
[Round "?"]
[White "Pigusov, Evgeny"]
[Black "Vyzmanavin, Alexey"]
[Result "1/2-1/2"]
[WhiteElo "2560"]
[BlackElo "2555"]
[Annotator "Ribli,Z"]
[PlyCount "41"]
[EventDate "1989.01.??"]
[EventType "tourn"]
[EventRounds "15"]
[EventCountry "URS"]
[EventCategory "10"]
[SourceTitle "CBM 016"]
[Source "ChessBase"]
[SourceDate "1990.06.01"]
[SourceVersion "1"]
[SourceVersionDate "1990.06.01"]
[SourceQuality "1"]

1. c4 e5 2. g3 Nf6 3. Bg2 d5 4. cxd5 Nxd5 5. Nc3 Nb6 6. Nf3 Nc6 7. a3 Be7 8.
O-O O-O 9. b4 Be6 10. Rb1 f6 11. d3 Nd4 (11... Qd7 12. Ne4 $1 Nd5 13. Qc2 b6 $6
14. Bb2 Rac8 15. Rbc1 $1 {Karpov,A-Hjartarsson,J  Seattle cq (2) 1989 47/41
CBM/11  +/=}) (11... Nd5 12. Qc2 $1 Nxc3 13. Qxc3 Qd7 14. Be3 Bd5 15. Rfc1 {
Azmayparashvili,Z-Hansen,LB  Amsterdam OHRA-B 1989 CBM/15  +/=}) 12. Be3 (12.
Bb2 Nxf3+ 13. Bxf3 c6 14. Ne4 Bd5 15. Bc3 {Suba,M-Wolf,P  Preston 1989 CBM/14})
12... c5 13. Ne4 cxb4 14. axb4 Rc8 15. Nc5 $5 Bxc5 16. bxc5 Rxc5 17. Rb4 Nxf3+
18. Bxf3 Rc7 19. Bxb6 axb6 20. Rxb6 Bd5 21. Bxd5+ 1/2-1/2

[Event "Drammen Smartfish Masters"]
[Site "Drammen"]
[Date "2005.01.05"]
[Round "9"]
[White "Kortschnoj, Viktor Lvovich"]
[Black "Stefanova, Antoaneta"]
[Result "1-0"]
[WhiteElo "2601"]
[BlackElo "2523"]
[Annotator "Ribli,Z"]
[PlyCount "125"]
[EventDate "2004.12.27"]
[EventType "tourn"]
[EventRounds "9"]
[EventCountry "NOR"]
[EventCategory "14"]
[SourceTitle "CBM 105"]
[Source "ChessBase"]
[SourceDate "2005.04.11"]
[SourceVersion "1"]
[SourceVersionDate "2005.04.11"]
[SourceQuality "1"]

1. c4 Nf6 2. Nc3 e5 3. Nf3 Nc6 4. g3 d5 {Das ist die gewöhnliche Fortsetzung,
aber die Alternativen 4...Bc5, 4...Bb4 und 4...Nd4 sind auch möglich.} 5. cxd5
Nxd5 6. Bg2 Nb6 7. Rb1 {Eine seltene Zugfolge - gewöhnlich spielt man hier
zuerst 7.0-0.} f6 (7... Bg4 $5) 8. d3 Be6 9. a3 Be7 10. O-O O-O 11. b4 {
Wir haben eigentlich eine Stellung, die mich an die Drachenvariante erinnert -
Weiß hat Aktivität am Damenflügel; Schwarz dagegen hat eine starke
Zentrumsstellung.} a5 (11... Nd4) 12. b5 Nd4 13. Nd2 Bd5 $5 (13... Nd5 $2 {
Das ist ein bekannter Fehler, meist ohne das Zugpaar Rb1 / f6, aber das Motiv
ist gleich.} 14. Bxd5 Bxd5 15. e3 {[%csl Rd4,Rd5]} Nf5 (15... Ne6 16. e4 $18)
16. e4 $18) 14. Bh3 $146 {[%mdl 4] Mit diesem originellen Zug lässt Weiß die
große Diagonale mit dem Läufer und vermeidet die theoretische Hauptlinie.} (14.
Nxd5 Nxd5 15. Bb2 (15. Ne4 a4 16. e3 f5 17. exd4 fxe4 {[%cal Rd5c3,Rc3b1,Rc3d1]
} 18. Bb2 exd4 19. Bxe4 $5 Nc3 20. Bxc3 dxc3 21. Qh5 g6 22. Qe5 {[%cal Re5c3,
Re4d5,Rd5g8]} Bf6 (22... c2 23. Bd5+ $18) 23. Qe6+ Kh8 24. Bxb7 {1/2-1/2 Marin,
M-Cosma,I/Bucharest 1998/CBM 69/[Ribli] (40)}) 15... a4 $5 16. Bxd4 exd4 17.
Qc2 $5 Kh8 $5 18. Nc4 Re8 19. Rfe1 Bc5 20. Na5 Rxa5 21. Qxc5 Nc3 22. Bxb7 Re5
23. Qc4 Nxb1 24. Rxb1 Rxe2 25. Be4 $44 {1/2-1/2 Marin,M-Lima,D/Calvia ESP 2004/
(39)}) 14... Be6 (14... Bf7 15. e3 Ne6 16. Nde4 g6 $1 $132) 15. Bxe6+ {Statt
dieser Fortsetzung konnte Weiß mit 15.Bg2 die Züge wiederholen.} Nxe6 16. Qb3
Qd7 $11 {Die Stellung ist etwa gleich, die weißfarbigen Läufer sind schon
getauscht, so dass Weiß kein positionelles Druck auf der h1-a8-Diagonale hat.}
17. Nc4 Bc5 (17... Nxc4 18. Qxc4 Rad8 $11) 18. Nxb6 cxb6 (18... Bxb6 19. a4 $11
) 19. a4 Rad8 (19... f5 $5 {Auf diese Weise könnte Schwarz das Springermanöver
20.Ne4 verhindern.}) 20. Ne4 {[%csl Ge4][%cal Gb3g8]} Kh8 (20... Qf7 $11) 21.
Qa2 Nd4 (21... f5 $5 22. Nxc5 bxc5 23. Bd2 b6 24. Bc3 Nd4 $15) 22. Be3 Qd5 (
22... f5 23. Ng5 Rde8 $11) 23. Rb2 f5 {Endlich spielt Schwarz den Zug f6-f5,
aber das ist nicht der richtige Moment.} (23... Qxa2 24. Rxa2 f5 25. Nxc5 bxc5
26. b6 $11) 24. Qxd5 Rxd5 25. Nxc5 bxc5 (25... Rxc5 26. f4 Rd8 27. fxe5 Rxe5
28. Bxd4 Rxd4 29. Rc2 $16 {[%csl Gc2,Gf1][%cal Rc2c8,Rc8h8]}) 26. b6 $1 $14 {
[%cal Yb2b5][%mdl 4096] Nach diesem Zug gewinnt Weiß Raum am Damenflügel und
später kann die weiße Idee Rb5 (wenn der d4N weg geht, oder nach Bxd4) sein.}
Ne6 (26... f4 27. Bxd4 cxd4 (27... Rxd4 28. Rb5 Rxa4 29. Rxc5 $16) 28. Rc1 $16)
27. f3 (27. f4 exf4 28. gxf4 $14) 27... Rc8 (27... f4 28. Bf2 $14) 28. Rc1 {
[%csl Yb5,Yc4][%cal Gc1c4,Gb2b5] Die weißen Türme haben gute potenzielle
Festpunkte auf b5 und auf c4.} Rd6 29. Rb5 {[%csl Ra5,Rc5]} Rdc6 30. Rc4 Kg8
31. Kf2 Kf7 32. f4 $1 {Mit diesem Zug gewinnt Weiß Raum am Königsflügel.
Schwarz hat eine passive Verteidigungsstellung.} exf4 (32... Kf6 33. fxe5+ Kxe5
34. Rxa5 Rxb6 35. Bxc5 Nxc5 36. Raxc5+ Rxc5 37. Rxc5+ Ke6 38. a5 $16 (38. Rb5
Rxb5 39. axb5 Kd5 40. Kf3 Kc5 41. Kf4 g6 42. e4 (42. g4 fxg4 43. e4 h5 44. e5
Kd5 45. d4 b6 $11) 42... fxe4 43. dxe4 Kxb5 44. Ke5 Kc6 45. Ke6 b5 46. e5 b4
47. Kf7 b3 48. e6 b2 49. e7 b1=Q 50. e8=Q+ $16)) 33. gxf4 g6 34. Rxa5 Rxb6 35.
d4 Rd8 36. dxc5 $16 {Weiß hat einen Bauern mehr, aber die Verwertung des
Materialsvorteil ist noch nicht leicht, weil die schwarze Stellung fest ist.}
Rb1 (36... Rc6 $142 37. Rb4 Rd7 38. Rab5 Rcc7 $16) 37. Rb5 Rdd1 (37... Rxb5 $2
38. axb5 $18) 38. Rcb4 Rxb4 39. Rxb4 Nd8 (39... Rd7 40. a5 $16) 40. Bd4 Ke6 41.
Rb6+ Nc6 42. Be3 Rh1 (42... Rd7 $142 $1) 43. Kg3 Re1 44. Kf3 Rh1 45. Kg3 Re1
46. Rb2 h6 47. h4 h5 (47... Ra1 48. Rxb7 Rxa4 49. Rb6 $16 (49. Rh7 h5 50. Rc7
$16)) 48. Kf2 Ra1 49. Rxb7 Rxa4 50. Rb6 Kd5 51. Rb1 $1 {[%cal Rb1g1,Rg1g6,
Rd1d5] Der weiße Zielpunkt ist der g6P, aber 52.Rd1+ droht auch mit der
Eindringung auf der d-Linie.} Nd4 52. Rc1 {Droht jetzt 53.Bxd4 und 54.c6.} Kc6
53. Rg1 Kxc5 54. Rxg6 Ra2 55. Bxd4+ Kxd4 56. Re6 $1 $18 {[%csl Rd4,Ge6,Rf5,Rh5]
[%cal Ge6e3,Ge6e8] Der schwarze König ist abgeschnitten von der e-Linie und
seine Bauern sind schwach.} Ra1 (56... Ra5 57. e3+ $18) 57. Re5 Rh1 58. e3+ Kd3
59. Rd5+ Kc4 60. Rxf5 Rxh4 61. Re5 {[%csl Ge3,Gf4] Mit zwei verbundenen Bauern
gewinnt Weiß das Endspiel leicht.} Kd3 62. f5 Rh2+ 63. Kf3 1-0

[Event "USA-ch"]
[Site "USA"]
[Date "1989.??.??"]
[Round "14"]
[White "Gulko, Boris F"]
[Black "Rachels, Stuart"]
[Result "1/2-1/2"]
[WhiteElo "2610"]
[BlackElo "2385"]
[Annotator "Ribli,Z"]
[PlyCount "59"]
[EventDate "1989.11.??"]
[EventType "tourn"]
[EventRounds "15"]
[EventCountry "USA"]
[EventCategory "12"]
[SourceTitle "CBM 019"]
[Source "ChessBase"]
[SourceDate "1990.12.01"]
[SourceVersion "1"]
[SourceVersionDate "1990.12.01"]
[SourceQuality "1"]

1. c4 e5 2. g3 Nf6 3. Bg2 d5 4. cxd5 Nxd5 5. Nf3 Nc6 6. O-O Nb6 7. d3 Be7 8. a3
a5 9. Nc3 O-O 10. Be3 {-> A 29} Bg4 11. Rc1 Re8 12. Na4 Nd5 13. Bc5 (13. Rxc6
Bxf3 14. Bxf3 bxc6 15. Qc2 Nxe3 16. fxe3 Bg5 17. Bxc6 Bxe3+ 18. Kg2 Re7 19. Rf3
Bd4 20. e3 Ba7 21. Bxa8 Qxa8 22. e4 h5 $13 {Ivanov,I-Torre,E New York op 1989
CBM 12}) 13... Bf6 14. Qb3 Rb8 15. Nc3 Be6 16. Qb5 Qd7 17. Ne4 Red8 18. Rfd1
Bh3 19. Be3 Bxg2 20. Kxg2 Be7 21. Bd2 Qe6 $5 22. Bxa5 f5 23. Nc3 g5 $1 $44 24.
e3 g4 25. Ne1 Bg5 26. Nc2 f4 27. Ne4 Qh6 28. Bd2 fxe3 29. fxe3 Nxe3+ 30. Nxe3 {
Ribli} 1/2-1/2

[Event "Tan Chin Nam Cup 5th"]
[Site "Shenyang"]
[Date "1999.07.15"]
[Round "7"]
[White "Bu, Xiangzhi"]
[Black "Zhu, Chen"]
[Result "1-0"]
[WhiteElo "2465"]
[BlackElo "2503"]
[Annotator "Ribli,Z"]
[PlyCount "113"]
[EventDate "1999.07.08"]
[EventType "tourn"]
[EventRounds "9"]
[EventCountry "CHN"]
[EventCategory "13"]
[SourceTitle "CBM 073"]
[Source "ChessBase"]
[SourceDate "1999.12.01"]
[SourceVersion "1"]
[SourceVersionDate "1999.12.01"]
[SourceQuality "1"]

{[%mdl 4100]} 1. c4 Nf6 2. Nc3 e5 3. g3 d5 4. cxd5 Nxd5 5. Bg2 Nb6 6. Nf3 Nc6
7. d3 {Wir haben eigentlich eine Drachenvariante, aber mit umgekehrten Farben.
Weiss hat Chancen auf Initiative am Damenflügel, denn er besitzt die
halboffene c-Linie, während Schwarz fest im Zentrum steht. Ribli.} Be7 8. O-O
O-O 9. Be3 {Heutzutage wird häufiger 9.a3 gespielt. Mit der Partiefortsetzung
bereitet Weiss vor den Plan Ne4 / Bc5 oder Na4 / Bc5 vor.} Re8 10. Rc1 {
[%cal Gc1c8]} Bf8 11. Na4 (11. Ne4 {Dieser Zug scheint mir natürlicher als die
Partiefortsetzung. Auf diese Weise kann Weiss die Variante mit 11...e4
vermeiden.}) 11... Nd5 $6 {Der Springer steht nicht besonders gut auf b6, aber
Schwarz konnte statt 11...Nd5? entweder 11...e4 oder 11...Nd4 - beides mit
besseren Ausgleichschancen - ziehen.} (11... Nd4 $5 12. Nc5 Bxc5 (12... Nxf3+
$5 13. Bxf3 c6 14. Qb3 Bxc5 15. Rxc5 Be6 $13) 13. Rxc5 Qd6 (13... Bg4 14. Bxd4
exd4 15. Qd2 Qd6 16. Rc2 c6 17. Qa5 Bxf3 18. Bxf3 Re5 19. Qd2 a5 20. Rb1 Rb5
21. Rbc1 a4 {1/2-1/2 Gonzalez,J-Armas,J/CUB-ch 1993/TD (50)}) 14. b4 c6 15. a3
Bg4 16. Nxd4 exd4 17. Bf4 Qe6 18. Re1 Qa2 19. f3 Be6 20. Bc1 Rad8 21. Qd2 Qb3
22. Kf2 f6 23. f4 Bf7 24. Bf3 Qe6 25. f5 Qd7 26. Qf4 Bd5 {0-1 Wegerer,F-Ruck,R/
Budapest 1997/CBM 58 ext (77)}) (11... e4 $5 12. Ng5 exd3 13. Nxb6 axb6 14. Qb3
Qf6 15. exd3 h6 16. Ne4 Qg6 17. a3 Be6 18. Qc3 Red8 {1/2-1/2 Bisguier,
A-Fedorov,V/American op 1995/EXT 98 (74)}) 12. Bc5 Bxc5 13. Rxc5 $14 {Weiss
hat spürbaren positionellen Druck am Damenflügel. Anderseits ist die schwarze
Stellung fest und ohne besondere Schwächen.} (13. Nxc5 b6 14. Ne4 (14. Qa4 Ncb4
$11) 14... Bb7 $11) 13... Nf6 (13... Be6 14. Qd2 $14 (14. a3 $14)) 14. Nd2 {
[%cal Gg2a8] Weiss öffnet die lange Diagonale.} Nd4 (14... Bd7 15. Rc1 $14 {
[%csl Yc5][%cal Ga4c5]}) 15. e3 Ne6 (15... Nf5 16. Qc2 $14) (15... Bg4 16. f3
Nf5 17. Qe2 $16 (17. fxg4 Nxe3 $132)) 16. Rxe5 Qxd3 17. Ne4 {[%cal Gg2a8]
Weiss hat den d3-Bauern gegen den wichtigen e5-Bauern getauscht und dank
seines besseren Figurenspiels jetzt Druck am Damenflügel.} Qxd1 (17... Qd8 18.
Qxd8 Rxd8 19. Nxf6+ gxf6 20. Rd5 $14) 18. Rxd1 {[%cal Gd1d8]} Rb8 (18... Nxe4
19. Bxe4 c6 20. h4 $14) 19. Nac3 Nd7 (19... Nxe4 20. Bxe4 $14 (20. Nxe4 b6 $14)
) 20. Rh5 Nb6 (20... g6 $2 21. Ra5 $16 {[%csl Rf6][%cal Ra5a7] Es hängt auf a7
und gleichzeitig droht 22.Rxd7 nebst 23.Nf6+.}) 21. a4 {[%csl Gh5][%cal Ga4a5]
Weiss möchte früher oder später den b6-Springer mit a4-a5 vertreiben. Der
weisse Turm verhindert auf der 5. Reihe z.B. den Blockadezug ....a5.} h6 22. h3
(22. a5 $14) 22... a6 23. Kh2 {Es ist nicht leicht für Schwarz, einen aktiven
Plan zu finden,daher verbessert Weiss die Stelung mit kleinen Zügen.} Nf8 24.
a5 Na8 {Der schwarze Springer steht sehr passiv auf a8, aber der Punkt-c7 ist
verteidigt und Schwarz beabsichtigt ...c7-c6 nebst ...Na8-c7.} (24... Nbd7 25.
Nd5 c6 (25... Ne6 {Dieser natürliche Zug ist schlecht, denn Schwarz kann nach .
..c6 Nd6 nicht Re6 spielen.} 26. Rc1 c6 27. Nd6 $18 {Schwarz verliert Material.
}) 26. Nd6 $36) 25. Nc5 {[%csl Gc5]} Ne6 26. N3a4 (26. Nxe6 Bxe6 27. Na4 Bb3
28. Rd4 Bxa4 29. Rxa4 c6 $11 {[%cal Ga8c7,Gc7b5]}) 26... c6 {[%csl Yb6] Nach
diesem Zug wird das Feld b6 dauerhaft schwach, aber Schwarz begegnet erstmal
den konkreten Drohungen und bereitet ...Nc7 vor.} (26... Nxc5 27. Nxc5 $11) (
26... b6 27. Nd7 Bxd7 28. Rxd7 $14) 27. Rh4 Nac7 28. Rb4 {[%cal Gb4b8]} Nb5 {
[%csl Gb5] Es ist für Weiss nicht einfach, den positionellen Vorteil
auszubauen.} 29. Rb3 {[%cal Gb3d3,Gd1d8]} Nf8 30. Rbd3 {[%cal Gd1d8] Weiss
kontrolliert die einzige offene Linie.} Be6 31. Nb6 {[%csl Gb6,Gc5,Gd1,Gd3,Gg2]
Schwarz ist ohne gegenspiel und im folgenden verwertet Weiss die
Bauernmehrheit am Königsflügel.} (31. e4 $5 $14) 31... f5 {Dieser
Verteidigungszug ist gegen e3-e4 gerichtet.} 32. f4 {Ein weitere Raumgewinnzug.
Weiss plant 33.Bf3 ziehen, um danach seine Stellung mit e3-e4 oder g3-g4 zu
verbessern.} Nc7 33. Bf3 Bf7 {Schwarz bereitet ...Nfe6 oder ...Nce6 vor, um
den starken Springer c5 zu tauschen.} 34. Ncd7 Nxd7 (34... Rbd8 $2 35. Nf6+ $18
{[%cal Rd1d8,Rf6g8]}) 35. Nxd7 Rbc8 (35... Rbd8 $2 36. Nf6+ $18 {[%cal Rf6g8,
Rd1d8]}) 36. Nb6 Rb8 37. Kg2 {Stufenweise verbessert Weiss seine Stellung.
Schwarz hat kein Gegenspiel. Er kann nur warten.} Nd5 {Schwarz möchte das
Spiel vereinfachen, aber letztlich wird sein Bauer auf d5 schwach.} 38. Nxd5
Bxd5 39. Bxd5+ cxd5 40. Kf2 $16 {[%csl Rd5] In Doppelturmendspielen ist die
Remiswahrscheinlichkeit meist recht gross, aber hier hat Weiss ausgezeichnete
Gewinnchancen.} b6 41. b4 (41. Rxd5 bxa5 42. R1d2 Rb5 43. Rxb5 axb5 44. Rd5 $16
) (41. axb6 $6 Rxb6 {[%csl Rb2][%cal Rb6b2]} 42. R1d2 Reb8 43. Rxd5 Rxb2 $11)
41... bxa5 42. bxa5 {[%csl Rd5][%cal Rd1d5]} Kf7 (42... Rb2+ 43. Kf3 $16) 43.
Rxd5 {Weiss hat einen Bauern mehr, aber er muss noch präzise spielen, denn die
Bauernmehrheit am Königsflügel ist nicht leicht zu verwerten.} Kf6 44. g4 g6 (
44... fxg4 45. hxg4 $16 {[%csl Gd5,Ge3,Gf4,Gg4]}) 45. gxf5 gxf5 46. Rc1 {
[%cal Rc1c5,Rc5f5]} Rb2+ (46... Rb3 47. Rd6+ Kf7 (47... Re6 48. Rxe6+ Kxe6 49.
Rc6+ $18 {[%cal Rc6a6,Rc6e6]}) 48. Rc7+ Kg8 49. Rg6+ Kf8 50. Rxh6 $18) 47. Kf3
Rb3 48. Rc6+ Kg7 49. Re5 (49. Rd7+ $6 Kg8 $132 {[%csl Re3,Rf3]}) 49... Rxe5 50.
fxe5 {[%csl Ra6,Gc6,Ge5]} Rb5 {[%cal Rb5a5,Rb5e5]} 51. Kf4 {[%csl Rf5] Weiss
hat einen Bauern mehr und seine Figuren stehen sehr aktiv.} Rxa5 52. Kxf5 {
[%cal Rc6c7,Rc7g7]} Ra3 (52... Ra1 53. Rc7+ Kg8 54. e6 $18 {[%csl Ge6]}) 53.
Rc7+ Kg8 54. Kg6 $18 {[%cal Rc7c8,Rc8g8] Der aktive weisse König entscheidet
die Partie.} Kf8 55. Kf6 {[%cal Rc7c8,Rc8f8]} Kg8 (55... Ke8 56. e6 Kd8 57. e7+
$18) 56. e6 Rxe3 57. Rc8+ {Schwarz gab auf.} (57. Rc8+ Kh7 58. e7 $18) 1-0

[Event "Interpolis"]
[Site "Tilburg"]
[Date "1992.10.15"]
[Round "3.2"]
[White "Ivanchuk, Vassily"]
[Black "Lautier, Joel"]
[Result "1-0"]
[WhiteElo "2720"]
[BlackElo "2580"]
[Annotator "Ribli,Z"]
[PlyCount "89"]
[EventDate "1992.10.08"]
[EventType "k.o."]
[EventRounds "7"]
[EventCountry "NED"]
[SourceTitle "CBM 032"]
[Source "ChessBase"]
[SourceDate "1993.02.01"]
[SourceVersion "1"]
[SourceVersionDate "1993.02.01"]
[SourceQuality "1"]

1. c4 Nf6 2. Nc3 e5 3. Nf3 Nc6 4. g3 d5 5. cxd5 Nxd5 6. Bg2 Nb6 7. O-O Be7 8.
d3 O-O 9. Be3 f5 (9... Be6 10. Ne4 $5 Bd5 11. Nc5 Nd4 12. Bxd4 $1 exd4 13. Qc2
Re8 14. Rfe1 a5 15. Rac1 a4 16. Nd2 Bxg2 17. Kxg2 Ra7 18. Nf3 $14 {Zlotnikov,
M-Janovsky,S Voskresensk 1992}) 10. b4 $5 Bf6 (10... Bxb4 11. Nxe5 $1 Nxe5 12.
Qb3+ $16) 11. Nd2 $1 (11. Bc5 Re8 12. Rc1 Be6 13. b5 Nd4 14. e3 Nxf3+ 15. Bxf3
Nd5 $10 {Böhm-van Wijgarden Amsterdam 1977}) 11... Nd4 12. a4 a5 13. bxa5 Rxa5
14. Nb3 Ra8 15. a5 Nd7 16. Nd5 $14 Ne6 17. Qc2 c6 18. Nxf6+ Nxf6 19. Bc1 Nc7
20. Bb2 Re8 21. Nd2 Nb5 22. a6 $1 $16 Rxa6 23. Rxa6 bxa6 24. Bxc6 Bd7 25. Rc1
Qe7 26. Nf3 e4 27. dxe4 Nxe4 28. Ne5 Bxc6 29. Qxc6 Nec3 (29... Qe6 $2 30. Qxe6+
Rxe6 31. Rc8+ $18) 30. Rxc3 Nxc3 31. Qxc3 $18 Qe6 32. h4 h6 33. h5 Qf6 34. Qc4+
Kh7 35. f4 Rb8 36. Bd4 a5 37. Qd3 Rd8 38. g4 a4 39. e3 Ra8 40. gxf5 a3 41. Ng4
Qa6 42. Qe4 a2 43. f6+ Kg8 44. Nxh6+ $1 gxh6 45. Qg6+ 1-0